000 00830nam a22002412 4500
001 0000012229
005 20151217152109.0
008 090218s xx 000 0 eng d
020 _a9966410511 :
040 _aKABU
_cKABU
100 1 _aSasson, Albert.
_@0000168492
245 1 0 _aBiotechnology and natural products :
_bprospects for commercial production /
_cAlbert Sasson.
250 _a1st ed.
260 _aNairobi :
_bACTS,
_c1992.
300 _a96 p.
650 0 _aPlant biotechnology.
_@0000168493
650 0 _aNatural products
_xBiotechnology.
_@0000168494
852 1 _9p100 KES
852 1 _9p100 KES
852 1 _9p100 KES
908 _a090218
950 _@1
999 _c8230
_d8230